[Event "Oberliga Ost-A 1415"]
[Site "Germany"]
[Date "2015.01.17"]
[Round "6.1"]
[White "Plat, Vojtech"]
[Black "Kunze, Carlo"]
[Result "1/2-1/2"]
[WhiteElo "2432"]
[BlackElo "2301"]
[PlyCount "81"]
[EventDate "2014.09.21"]
[EventType "team-tourn"]
[EventRounds "11"]
[EventCountry "GER"]
[SourceTitle "EXT 2016"]
[Source "ChessBase"]
[SourceDate "2015.10.08"]
[SourceVersion "1"]
[SourceVersionDate "2015.10.08"]
[SourceQuality "1"]
[WhiteTeam "Plauen Koenig"]
[BlackTeam "Chemnitz USG"]
[WhiteTeamCountry "GER"]
[BlackTeamCountry "GER"]

1. e4 c5 2. Nf3 Nc6 3. d4 cxd4 4. Nxd4 Nf6 5. Nc3 d6 6. Be2 e6 7. Be3 Be7 8. g4 a6 9. Rg1 Qc7 10. Rg3 b5 11. Nxc6 Qxc6 12. Bf3 e5 13. g5 Nd7 14. Nd5 Nc5 15. Bxc5 dxc5 16. Bg4 Ra7 17. Bxc8 Qxc8 18. Qh5 Qe6 19. 0-0-0 c4 20. f4 exf4 21. Nxf4 Qe5 22. Nd5 0-0 23. Qh4 f6 24. Qh5 g6 25. Qf3 fxg5 26. Qe3 Rb7 27. Rf3 g4 28. Nxe7+ Qxe7 29. Rxf8+ Qxf8 30. Qg5 Re7 31. Qxg4 Qh6+ 32. Kb1 Qxh2 33. Qc8+ Kg7 34. a3 Qe5 35. Qxa6 h5 36. Rg1 Qxe4 37. Qxb5 h4 38. Qg5 Rf7 39. Rg4 Rf1+ 40. Ka2 Qxc2 41. Qe5+ 1/2-1/2

[Event "Oberliga Ost-A 1314"]
[Site "Germany"]
[Date "2014.04.06"]
[Round "11.3"]
[White "Bednar, Marcel"]
[Black "Kunze, Carlo"]
[Result "1-0"]
[WhiteElo "2287"]
[BlackElo "2310"]
[PlyCount "119"]
[EventDate "2013.10.13"]
[EventType "team-tourn"]
[EventRounds "11"]
[EventCountry "GER"]
[SourceTitle "EXT 2015"]
[Source "ChessBase"]
[SourceDate "2014.11.20"]
[SourceVersion "1"]
[SourceVersionDate "2014.11.20"]
[SourceQuality "1"]
[WhiteTeam "Magdeburg Rochade"]
[BlackTeam "Chemnitz"]
[WhiteTeamCountry "GER"]
[BlackTeamCountry "GER"]

1. d4 Nf6 2. c4 d6 3. Nf3 Nbd7 4. Nc3 e5 5. g3 c6 6. e4 Be7 7. Bg2 0-0 8. 0-0 a6 9. Re1 b5 10. a4 b4 11. Nb1 Qc7 12. Nbd2 Re8 13. Qc2 Bb7 14. b3 Bf8 15. Bb2 exd4 16. Nxd4 g6 17. Rad1 Re7 18. Ne2 Rae8 19. Nf4 Qb6 20. Nd3 c5 21. f3 h5 22. Nf1 Bh6 23. Qb1 h4 24. Qa1 Ne5 25. Nf2 hxg3 26. hxg3 Nh5 27. Kh2 Bc8 28. Ne3 Bxe3 29. Rxe3 f5 30. f4 Nf7 31. Rde1 Bb7 32. Qc1 Qc7 33. Bf3 Ng7 34. Ba1 fxe4 35. Bxe4 Nf5 36. Bxf5 gxf5 37. Rxe7 Rxe7 38. Rxe7 Qxe7 39. Qb2 Qf8 40. g4 Qh6+ 41. Kg3 fxg4 42. Nxg4 Qg6 43. f5 Qg5 44. Qe2 Ne5 45. Bxe5 dxe5 46. Qxe5 Qd8 47. Qe6+ Kf8 48. Qh6+ Ke8 49. Qh8+ Kd7 50. Ne5+ Kc7 51. Qxd8+ Kxd8 52. Kf4 Ke7 53. Nd3 Kd6 54. f6 Bc6 55. a5 Ke6 56. Ne5 Bg2 57. f7 Ke7 58. f8Q+ Kxf8 59. Nd7+ Ke7 60. Nxc5 1-0

[Event "Oberliga Ost-A 1213"]
[Site "Germany"]
[Date "2013.01.13"]
[Round "5.3"]
[White "Kunze, Carlo"]
[Black "Rudolf, Sebastian"]
[Result "1/2-1/2"]
[WhiteElo "2314"]
[BlackElo "2236"]
[PlyCount "131"]
[EventDate "2012.10.14"]
[EventType "team-tourn"]
[EventRounds "11"]
[EventCountry "GER"]
[SourceTitle "EXT 2014"]
[Source "ChessBase"]
[SourceDate "2013.11.20"]
[SourceVersion "1"]
[SourceVersionDate "2013.11.20"]
[SourceQuality "1"]
[WhiteTeam "Chemnitz"]
[BlackTeam "Dresden Gruen Weiss"]
[WhiteTeamCountry "GER"]
[BlackTeamCountry "GER"]

1. d4 d5 2. c4 c6 3. Nc3 Nf6 4. Nf3 a6 5. cxd5 cxd5 6. Bg5 Ne4 7. Bh4 Qa5 8. Qb3 e6 9. e3 Nc6 10. Bd3 f5 11. 0-0 Bd6 12. Bxe4 fxe4 13. Nd2 0-0 14. Rac1 Bd7 15. Bg3 Bxg3 16. hxg3 Qb4 17. a3 Qxb3 18. Nxb3 b6 19. Rc2 Rfc8 20. f3 exf3 21. gxf3 Ne7 22. Rd2 Nf5 23. Kf2 Nd6 24. Rc1 Rc7 25. Rdc2 Rac8 26. Na1 Be8 27. Ne2 Rxc2 28. Rxc2 Rxc2 29. Nxc2 Bg6 30. Nb4 a5 31. Nc6 Nc4 32. Nf4 Nxb2 33. Nxe6 Nc4 34. Nc7 Nxa3 35. Ne7+ Kf7 36. Nexd5 Nc4 37. e4 a4 38. Ke2 a3 39. Nb4 Ke7 40. Ncd5+ Kd6 41. Kd3 b5 42. Nc3 Be8 43. f4 g5 44. fxg5 Kc7 45. d5 Kb6 46. Kd4 Ka5 47. Nca2 Nd2 48. Ke5 Kb6 49. Nc2 Kc5 50. Nxa3 b4 51. Nxb4 Kxb4 52. Nc2+ Kc3 53. Ne3 Kd3 54. Ng4 Nxe4 55. Nf6 Bg6 56. Nxe4 Bxe4 57. d6 Bc6 58. g6 hxg6 59. g4 Bd7 60. g5 Bf5 61. Kf6 Ke4 62. d7 Bxd7 63. Kxg6 Be6 64. Kf6 Ba2 65. g6 Kf4 66. g7 1/2-1/2

[Event "Oberliga Ost-A 1213"]
[Site "Germany"]
[Date "2012.11.10"]
[Round "2.4"]
[White "Paul, Johannes"]
[Black "Kunze, Carlo"]
[Result "0-1"]
[WhiteElo "2261"]
[BlackElo "2314"]
[PlyCount "106"]
[EventDate "2012.10.14"]
[EventType "team-tourn"]
[EventRounds "11"]
[EventCountry "GER"]
[SourceTitle "EXT 2014"]
[Source "ChessBase"]
[SourceDate "2013.11.20"]
[SourceVersion "1"]
[SourceVersionDate "2013.11.20"]
[SourceQuality "1"]
[WhiteTeam "Magdeburg Aufbau Elbe"]
[BlackTeam "Chemnitz"]
[WhiteTeamCountry "GER"]
[BlackTeamCountry "GER"]

1. c4 Nf6 2. Nc3 e5 3. g3 g6 4. Bg2 Bg7 5. e4 0-0 6. Nge2 d6 7. 0-0 c6 8. d4 Nbd7 9. h3 exd4 10. Nxd4 a5 11. Be3 Re8 12. Qc2 Nc5 13. Rfe1 a4 14. Rad1 Nfd7 15. b4 axb3 16. axb3 Qb6 17. Rb1 Qb4 18. Nde2 Ra3 19. Na2 Qa5 20. Nec3 Na6 21. Bd2 Qd8 22. Bf4 Qf6 23. Red1 Ne5 24. Qc1 Ra5 25. b4 g5 26. bxa5 gxf4 27. Qxf4 Qg6 28. Qe3 Nc5 29. Bf1 f5 30. f4 Ned7 31. Kh2 fxe4 32. Rd2 Nf6 33. Rbd1 Qh5 34. Qe2 Bg4 35. Qe1 e3 36. Re2 Bf3 37. Rxd6 Ne6 38. Kg1 Bxe2 39. Qxe2 Qc5 40. Rd3 Nd4 41. Rxd4 Qxd4 42. Bg2 Qd2 43. Bf3 Ra8 44. Nd1 Ne4 45. Qxd2 Nxd2 46. Be2 Rxa5 47. Nb4 Ra4 48. Nc2 Nxc4 49. Bxc4+ Rxc4 50. Ndxe3 Rc3 51. Kf2 b5 52. Ke2 c5 53. Kd2 b4 0-1

[Event "BL2-Ost 1011"]
[Site "Germany"]
[Date "2011.04.10"]
[Round "9.3"]
[White "Schubert, Thomas"]
[Black "Kunze, Carlo"]
[Result "1/2-1/2"]
[WhiteElo "2362"]
[BlackElo "2340"]
[PlyCount "61"]
[EventDate "2010.10.10"]
[EventType "team-tourn"]
[EventRounds "9"]
[EventCountry "GER"]
[SourceTitle "EXT 2012"]
[Source "ChessBase"]
[SourceDate "2011.11.24"]
[SourceVersion "1"]
[SourceVersionDate "2011.11.24"]
[SourceQuality "1"]
[WhiteTeam "Leipzig Mitte"]
[BlackTeam "Chemnitz USG"]
[WhiteTeamCountry "GER"]
[BlackTeamCountry "GER"]

1. d4 d5 2. Nf3 Nf6 3. c4 dxc4 4. e3 e6 5. Bxc4 c5 6. 0-0 a6 7. a4 Nc6 8. Qe2 cxd4 9. Rd1 Be7 10. exd4 0-0 11. Nc3 Nb4 12. Ne5 Nfd5 13. Qe4 Ra7 14. a5 b5 15. axb6 Nxb6 16. Bb3 N6d5 17. Nxd5 exd5 18. Qf3 Rc7 19. Bf4 Be6 20. Nd3 Rc6 21. Ba4 Rb6 22. Nc5 Bg5 23. Be5 Bc8 24. Qg3 Rg6 25. Qc3 Nc6 26. Bg3 Bh4 27. Nd3 Bxg3 28. hxg3 Ne7 29. Nf4 Rb6 30. Rd2 Bf5 31. Qc5 1/2-1/2

[Event "BL2-Ost 1011"]
[Site "Germany"]
[Date "2010.12.12"]
[Round "4.3"]
[White "Koepke, Elena"]
[Black "Kunze, Carlo"]
[Result "1/2-1/2"]
[WhiteElo "2345"]
[BlackElo "2340"]
[PlyCount "46"]
[EventDate "2010.10.10"]
[EventType "team-tourn"]
[EventRounds "9"]
[EventCountry "GER"]
[SourceTitle "EXT 2012"]
[Source "ChessBase"]
[SourceDate "2011.11.24"]
[SourceVersion "1"]
[SourceVersionDate "2011.11.24"]
[SourceQuality "1"]
[WhiteTeam "Muenchen Tarrasch"]
[BlackTeam "Chemnitz USG"]
[WhiteTeamCountry "GER"]
[BlackTeamCountry "GER"]

1. e4 c5 2. c3 d5 3. exd5 Qxd5 4. d4 cxd4 5. cxd4 e5 6. Nc3 Qxd4 7. Qxd4 exd4 8. Nb5 Na6 9. Nf3 Nf6 10. Nbxd4 Bb4+ 11. Bd2 0-0 12. Bxa6 Bxd2+ 13. Nxd2 bxa6 14. 0-0 Rd8 15. N2b3 Bb7 16. Rac1 g6 17. f3 Rd6 18. Rc7 Rb8 19. Rfc1 Nd5 20. R7c4 Nb6 21. Rc7 Nd5 22. R7c4 Nb6 23. Rc7 Nd5 1/2-1/2